| 000 | 03218cam a2200457 i 4500 | ||
|---|---|---|---|
| 001 | 20598346 | ||
| 005 | 20250613110526.0 | ||
| 008 | 180724t20182018enk b 001 0 eng d | ||
| 010 | _a 2018952783 | ||
| 016 | 7 |
_a019131158 _2Uk |
|
| 020 | _a0198713193 | ||
| 020 | _a9780198713197 | ||
| 035 | _a(OCoLC)on1042350725 | ||
| 037 | _cREF | ||
| 040 |
_aCRL _beng _cCRL _erda _dCRL _dCRL |
||
| 041 |
_2eng _aeng |
||
| 042 | _alccopycat | ||
| 050 | 0 | 0 |
_aJV151 _b.O94 2018 |
| 084 |
_aV1g Q8 _qCRL |
||
| 245 | 0 | 4 | _aOxford Handbook of the Ends of Empire |
| 250 | _aFirst edition. | ||
| 260 |
_aOxford, UK: _bOxford University Press, _c2018. |
||
| 264 | 4 | _c©2018. | |
| 300 |
_axiii, 775p.; _c25cm. |
||
| 336 |
_atext _btxt _2rdacontent |
||
| 337 |
_aunmediated _bn _2rdamedia |
||
| 338 |
_avolume _bnc _2rdacarrier |
||
| 365 |
_b40.00 _cUKP |
||
| 490 | 0 | _aOxford handbooks | |
| 504 | _aIncludes bibliographical references and index. | ||
| 520 | 8 | _aThe Oxford Handbook of the Ends of Empire offers the most comprehensive treatment of the causes, course, and consequences of the ends of empire in the twentieth century. The volume's contributors convey the global reach of decolonization, with chapters analysing the empires of Western Europe, Eastern Europe, China and Japan. The Handbook combines broad, regional treatments of decolonization with chapter contributions constructed around particular themes or social issues. It considers how the history of decolonization is being rethought as a result of the rise of the 'new' imperial history, and its emphasis on race, gender, and culture, as well as the more recent growth of interest in histories of globalization, transnational history, and histories of migration and diaspora, humanitarianism and development,0and human rights. The Handbook, in other words, seeks to identify the processes and commonalities of experience that make decolonization a unique historical phenomenon with a lasting resonance. In light of decades of historical and social scientific scholarship on modernization, dependency, neo-colonialism, 'failed state' architectures and post-colonial conflict, the obvious question that begs itself is 'when did empires actually end?' In seeking to unravel this most basic dilemma the Handbook explores the relationship between the study of decolonization and the study of globalization. It connects histories of the late-colonial and post-colonial worlds, and considers the legacies of empire in European and formerly colonised societies. | |
| 650 | 0 |
_aDecolonization _xHistory _y20th century. _9752842 |
|
| 650 | 0 |
_aImperialism _xHistory _y20th century. _9752843 |
|
| 650 | 0 |
_aWorld politics _y20th century. _9752844 |
|
| 700 | 1 |
_aThomas, Martin _d1964- _eeditor. _9752845 |
|
| 700 | 1 |
_aThompson, Andrew S. _q(Andrew Stuart) _d1968- _eeditor. _9752846 |
|
| 906 |
_a7 _bcbc _ccopycat _d2 _encip _f20 _gy-gencatlg |
||
| 942 |
_2CC _cREF _hV1g Q8 _n0 |
||
| 999 |
_c1309335 _d1309335 |
||